| 000 | 01689cam a22004454i 4500 | ||
|---|---|---|---|
| 003 | PE-LiUPU | ||
| 005 | 20250731173308.0 | ||
| 008 | 150625s1996 sp rb 000 0 spa d | ||
| 020 | _a8476458665 | ||
| 035 | _a(Sirsi) i9788476458662 | ||
| 040 |
_aPE-LiUPU _bspa _cPE-LiUPU _erda |
||
| 049 | _aPRUA | ||
| 082 | 0 | 4 |
_a225.77 _bNTWB _221 |
| 100 | 1 |
_aBarclay, William, _eautor. |
|
| 245 | 1 | 0 |
_aEvangelio según San Juan (II) / _cWilliam Barclay. |
| 264 | 1 |
_aBarcelona : _bClie, _c1996. |
|
| 300 |
_a343 páginas ; _c20 centímetros. |
||
| 336 |
_atext _2rdacontent |
||
| 337 |
_aunmediated _2rdamedia |
||
| 338 |
_avolume _2rdacarrier |
||
| 490 | 0 |
_a(Comentario al Nuevo Testaemnto : _vTomo 6) |
|
| 504 | _aIncluye referencias bibliográficas. | ||
| 505 | 0 | _aMiseria y misericordia -- El verdadero discipulado -- Luz para los ojos ciegos -- La elección del amor -- La vida y la gloria -- La paz que precede a la tormenta -- Los buscadores griegos -- La voz que despierta a los muertos -- La gloria de la cruz -- La obra de Jesús -- Cristo y sus dones -- El amor de un hijo -- Los dones póstumos a Jesús. | |
| 526 | _aSEG42 | ||
| 526 | _aSEG41 | ||
| 526 | _aSEG40 | ||
| 526 | _aSEG39 | ||
| 526 | _aP94 | ||
| 526 | _aP87 | ||
| 526 | _aP86 | ||
| 526 | _aP85 | ||
| 526 | _aP77 | ||
| 526 | _aP76 | ||
| 526 | _aP35 | ||
| 630 |
_aBiblia. _pJuan _xCrítica e interpretación. |
||
| 942 |
_2ddc _cBK |
||
| 949 |
_a225.77 N 6:2 1995 _wDEWEY _c1 _i56025 _lCCODEBUL1 _mBUL _p9.00 _r0 _sY _tBOOK _u2015-6-25 _xTEOLOGIA _zUNKNOWN _0COMPRA _o.STAFF. Colección General |
||
| 999 |
_c44851 _d44851 |
||
| 980 |
_81 _gALBERTO SANCHEZ Responsable de Automatización |
||